Catálogo

BREVE HISTORIA DE LA DIALECTICA (Registro nro. 56608)

Detalles MARC
000 -LEADER
fixed length control field 01106nam a2200217 a 4500
001 - CONTROL NUMBER
control field 56608
005 - DATE AND TIME OF LATEST TRANSACTION
control field 20180714052437.0
008 - FIXED-LENGTH DATA ELEMENTS--GENERAL INFORMATION
fixed length control field 140415s2004 mx 000 0 spa d
020 ## - INTERNATIONAL STANDARD BOOK NUMBER
International Standard Book Number 9688636584
041 ## - LANGUAGE CODE
Language code of text/sound track or separate title spa
082 ## - DEWEY DECIMAL CLASSIFICATION NUMBER
Classification number 146.32
Item number ALT
100 1# - MAIN ENTRY--PERSONAL NAME
Personal name ALTIERI MEGALE, ANGELO
245 10 - TITLE STATEMENT
Title BREVE HISTORIA DE LA DIALECTICA
250 ## - EDITION STATEMENT
Edition statement 1a ed.
260 ## - PUBLICATION, DISTRIBUTION, ETC.
Place of publication, distribution, etc. MEXICO :
Name of publisher, distributor, etc. BENEMERITA UNIVERSIDAD AUTONOMA DE PUEBLA,
Date of publication, distribution, etc. 2004
300 ## - PHYSICAL DESCRIPTION
Extent 195
Dimensions 13.5 x 0.5 x 20.9
490 ## - SERIES STATEMENT
Series statement TEXTOS UAP
500 ## - GENERAL NOTE
General note COLECCIÓN PUEBLA
520 ## - SUMMARY, ETC.
Summary, etc. ARISTOTELES RECONOCE AN ZENON AL INVENTOR DEL ARTE DIALECTICO O ARTE DEL DIALOGO, A CAUSA DE SU DESTREZA EN PONER AL ADVERSARIO EN CONTRADICCION CONSIGO MISMO, CUALQUIERA QUE SEA EL CAMINO QUE EMPRENDA. PARA PLATON,DIALECTICO ES TODO PREOCEDIMIENTO RACIONAL TENDENTE A DESCUBRIR LA VERDAD MEDIANTE EL DIALOGO INTERIOR: AL QUE SABE PREGUNTAR Y RESPONDER ¿COMO LO LLAMAREMOS NOSOTROS SINO DIALECTICO?. LOS ESTOICOS CONCIBEN LA DIALECTICA COMO LA CIENCIA DE DISCUTIR RECTAMETE EN LOS DISCURSOS
650 14 - SUBJECT ADDED ENTRY--TOPICAL TERM
Topical term or geographic name entry element MATERIALISMO DIALECTICO
General subdivision DIALECTICA
-- HISTORIA
Existencias
Withdrawn status Lost status Source of classification or shelving scheme Damaged status Not for loan Collection code Home library Current library Shelving location Date acquired Source of acquisition Inventory number Total Checkouts Full call number Barcode Date last seen Price effective from Koha item type
    Dewey Decimal Classification     General Biblioteca Karol Wojtyla Biblioteca Karol Wojtyla Sala general 03/12/2013 Compra 151000000000000000061044   146.32 ALT 85516 05/01/2026 03/12/2013 Libro